Loading...
| Fine Arts - Classical Music | 5 | 18.00 | 100% | 80% | 0% |
| Fine Arts - Other | 7 | 22.86 | 100% | 86% | 43% |
| Fine Arts - Painting and Sculpture | 8 | 16.25 | 100% | 50% | 13% |
| Geography | 2 | 10.00 | 100% | 0% | 0% |
| History - American | 5 | 24.00 | 100% | 100% | 40% |
| History - European | 9 | 16.67 | 100% | 56% | 11% |
| History - Other | 9 | 17.78 | 100% | 56% | 22% |
| History - World | 7 | 15.71 | 100% | 57% | 0% |
| Literature - American | 6 | 21.67 | 100% | 67% | 50% |
| Literature - British | 4 | 17.50 | 100% | 50% | 25% |
| Literature - European | 7 | 15.71 | 100% | 57% | 0% |
| Literature - World | 7 | 15.71 | 100% | 43% | 14% |
| Mythology | 7 | 15.71 | 100% | 43% | 14% |
| Other Academic | 1 | 20.00 | 100% | 100% | 0% |
| Philosophy | 5 | 16.00 | 100% | 60% | 0% |
| Pop Culture | 1 | 10.00 | 100% | 0% | 0% |
| Religion | 6 | 16.67 | 100% | 33% | 33% |
| Science - Biology | 8 | 12.50 | 88% | 38% | 0% |
| Science - Chemistry | 6 | 13.33 | 83% | 50% | 0% |
| Science - Other | 5 | 16.00 | 100% | 60% | 0% |
| Science - Physics | 4 | 15.00 | 100% | 50% | 0% |
| Social Science | 8 | 21.25 | 100% | 75% | 38% |